000 00942cam a22003137a 4500
001 12760199
003 OSt
005 20161111193326.0
008 020430s2002 enka b 001 0 eng
010 _a 2002280606
015 _aGBA1-Z9189
020 _a3527299955
035 _a(OCoLC)ocm45592276
040 _aUKM
_cUKM
_dDLC
042 _alccopycat
050 0 0 _aRS380
_b.K549 2002
072 7 _aTP
_2lcco
082 0 0 _aQV 744 K672i 2002
_221
100 1 _aKlefenz, Heinrich.
_91657
245 1 0 _aIndustrial Pharmaceutical Biotechnology
260 _aWeinheim :
_bWiley-VCH,
_cc2002.
300 _aix, 307 p. :
_bill. ;
_c25 cm.
504 _aIncludes bibliographical references
650 0 _aPharmaceuticals
_91658
650 0 _aBiotechnology
_98978
856 4 2 _3Publisher description
_uhttp://www.loc.gov/catdir/description/wiley035/2002280606.html
906 _a7
_bcbc
_ccopycat
_d2
_encip
_f20
_gy-gencatlg
942 _2z
_cSLOAN
999 _c632
_d632